First And Last U.S. State By Letter Of The Alphabet - Statistics

General Stats
  • This quiz has been taken 46 times
  • The average score is 26 of 30
Answer Stats
Letter State % Correct
A Alabama
97%
C California
95%
K Kansas
92%
K Kentucky
92%
O Ohio
92%
A Arkansas
90%
D Delaware
90%
F Florida
90%
L Louisiana
90%
C Connecticut
87%
G Georgia
87%
I Iowa
87%
M Maine
87%
O Oregon
87%
P Pennsylvania
87%
S South Dakota
87%
T Texas
87%
W Washington
87%
W Wyoming
87%
H Hawaii
85%
I Idaho
85%
R Rhode Island
85%
T Tennessee
85%
V Vermont
85%
N North Dakota
82%
U Utah
82%
V Virginia
82%
M Montana
79%
S South Carolina
79%
N Nebraska
72%
No matching quizzes found
Score Distribution
Percent of People with Each Score
Percentile by Number Answered
Your Score History
You have not taken this quiz